The seven lamps of architecture (Record no. 9432)

000 -LEADER
fixed length control field 00347nam a2200145 4500
003 - CONTROL NUMBER IDENTIFIER
control field OSt
005 - DATE AND TIME OF LATEST TRANSACTION
control field 20210420121825.0
008 - FIXED-LENGTH DATA ELEMENTS--GENERAL INFORMATION
fixed length control field 210420b ||||| |||| 00| 0 eng d
020 ## - INTERNATIONAL STANDARD BOOK NUMBER
International Standard Book Number 9780486261454
082 ## - DEWEY DECIMAL CLASSIFICATION NUMBER
Classification number 720
Item number RUS
100 ## - MAIN ENTRY--PERSONAL NAME
Personal name Ruskin john
245 ## - TITLE STATEMENT
Title The seven lamps of architecture
260 ## - PUBLICATION, DISTRIBUTION, ETC. (IMPRINT)
Place of publication, distribution, etc New York
Name of publisher, distributor, etc Dover publications
942 ## - ADDED ENTRY ELEMENTS (KOHA)
Source of classification or shelving scheme
Holdings
Withdrawn status Lost status Source of classification or shelving scheme Damaged status Koha normalized classification for sorting Not for loan Permanent location Current location Date acquired Full call number Barcode Date last seen Price effective from Koha item type
        720_000000000000000_RUS   BMS College of Architecture, Design and Planning BMS College of Architecture, Design and Planning 2021-04-20 720 RUS AR-UG2205 2021-04-20 2021-04-20 UG Books
Copyright © 2025, The Librarian, Library and Information Centre, BMSCA D&P, Bengaluru. All Rights Reserved
web counter

Powered by Koha